000 00640nam a22001937a 4500
999 _c164621
_d164621
005 20190523142526.0
010 _aUR-10143
020 _c200.00
_a9789387829930
035 _aU-8698
037 _bDBAD/PUB
082 _a840.08
100 _aما جد د ا غی
245 _aعصر ی فکر نو
_cما جد د ا غی
246 _bAsri Fikr-e-Nau (Urdu)
_aby Dr.Majid Daghi
260 _a Delhi
_bEducational Publishing House
_c2018 ء
270 _a3191،Vakil Street,Kucha Pandit,Lal Kuan,
_bDelhi
_e110006
_k23216162
_l00911123211540
300 _a132ص
_c22 Cm.(bk)
942 _2ddc
_cUR
_h840.08
_mم ا ج